[Event "20th Vidmar Mem"]
[Site "Bled SLO"]
[Date "2016.07.03"]
[Round "9.5"]
[White "Sebenik, Matej"]
[Black "Naiditsch, Arkadij"]
[Result "0-1"]
[WhiteTitle "GM"]
[BlackTitle "GM"]
[WhiteElo "2530"]
[BlackElo "2657"]
[WhiteFideId "14602296"]
[BlackFideId "4650891"]
[EventDate "2016.06.24"]

1. d4 Nf6 2. Nf3 b6 3. c4 Bb7 4. Nc3 e6 5. Bg5 Bb4 6. e3 h6 7. Bh4 g5 8. Bg3 Ne4
9. Qc2 Bxc3+ 10. bxc3 d6 11. Bd3 Nxg3 12. fxg3 Nd7 13. O-O Qe7 14. a4 a5 15. e4
h5 16. Nd2 h4 17. g4 h3 18. g3 Nf6 19. Qd1 e5 20. Rf5 Bc8 21. Rxg5 Nd5 22. Nf3
Ne3 23. Qd2 Nxg4 24. Nh4 f6 25. Rxg4 Bxg4 26. Ng6 Qg7 27. Nxh8 Qxh8 28. c5 bxc5
29. dxc5 dxc5 30. Bb5+ Ke7 31. Rf1 Rd8 32. Qe3 Rd6 33. Qxc5 Qb8 34. Bc6 Qb2 35.
Rf2 Qc1+ 36. Rf1 Qd2 37. Rf2 Be2 0-1